000 00542nam a22001817a 4500
003 0
005 20240910130414.0
008 240910b xxu||||| |||| 00| 0 eng d
020 _a979-8-89161-076-7
050 _aQD 31
_b.M34 2024
100 _aMcGuire, Dairus
245 _aPrinciples of chemistry
_cDarius McGuire
260 _aJersey, USA
_bAlexis Press, LLC
_c2024
300 _ax, 344 pages :
_bcolored illustrations ;
_c25cm.
504 _aIncludes bibliographical references and index.
650 _aChemistry.
942 _2lcc
_cBK
999 _c366201
_d366201